Методические рекомендации учителям по темам курса химии VII (VIII) класса II-летней средней школы. Ч. 1: Тема 1: Первоначальные химические понятия. Тема 2: Кислород. Оксиды. Горение (Запись № 5371901)

Подробности
000 -МАРКЕР
контрольное поле 01250nam2a22002291 4500
001 - ИДЕНТИФИКАТОР ЗАПИСИ
контрольное поле rc\486120
005 - ИДЕНТИФИКАТОР ВЕРСИИ
контрольное поле 20250621135105.0
035 ## - ДРУГИЕ СИСТЕМНЫЕ НОМЕРА
Идентификатор записи (NLR Aleph) 005809295
100 ## - ДАННЫЕ ОБЩЕЙ ОБРАБОТКИ
Данные общей обработки 20030616d1986 |||y0rusy50 ca
101 0# - ЯЗЫК РЕСУРСА
Язык текста, звукозаписи и т.д. русский
102 ## - СТРАНА ПУБЛИКАЦИИ ИЛИ ПРОИЗВОДСТВА
Страна публикации Российская Федерация
105 ## - ПОЛЕ КОДИРОВАННЫХ ДАННЫХ: ТЕКСТОВЫЕ МАТЕРИАЛЫ, МОНОГРАФИЧЕСКИЕ
Кодированные данные о монографическом текстовом документе y |||||||||
200 1# - ЗАГЛАВИЕ И СВЕДЕНИЯ ОБ ОТВЕТСТВЕННОСТИ
Основное заглавие Первоначальные химические понятия. Тема 2: Кислород. Оксиды. Горение
210 ## - ПУБЛИКАЦИЯ, РАСПРОСТРАНЕНИЕ И ДР.
Дата издания, распространения и т.д. 1986
Место издания, распространения и т.д. Б. м.
215 ## - ФИЗИЧЕСКАЯ ХАРАКТЕРИСТИКА
Специфическое обозначение материала и объем 28 с.
461 #0 - УРОВЕНЬ НАБОРА
Встроенное поле 001rc\486119
-- 2001#$aМетодические рекомендации учителям по темам курса химии VII (VIII) класса II-летней средней школы$fАПН СССР, НИИ содерж. и методов обучения$g[Смирнова Т.В., Рысс В.Л.]$vЧ. 1: Тема 1
Системный номер (АБИС) связанной записи 5371895
Место публикации М.
Дата публикации 1986
Первые сведения об ответственности АПН СССР, НИИ содерж. и методов обучения
Имя издателя, распространителя и т.д. АПН СССР
Заглавие Методические рекомендации учителям по темам курса химии VII (VIII) класса II-летней средней школы
Номер тома Ч. 1: Тема 1
801 #0 - ИСТОЧНИК ЗАПИСИ
Страна Российская Федерация
Организация NLR
Правила каталогизации psbo
801 #1 - ИСТОЧНИК ЗАПИСИ
Страна Российская Федерация
Организация ELAR
Источник данных rusmarc
852 ## - МЕСТОНАХОЖДЕНИЕ И ШИФР ХРАНЕНИЯ
Идентификатор организации NLR
Шифр хранения (Call Number) 87-4/20069
942 ## - ДОПОЛНИТЕЛЬНЫЕ ЭЛЕМЕНТЫ ЗАПИСИ (АБИС)
Тип экземпляра АБИС Книга
980 ## - КОЛЛЕКЦИЯ
Название коллекции Национальная библиография
Экземпляры
Тип экземпляра Дата поступления Библиотека постоянного хранения Библиотека текущего хранения Место хранения Шифр хранения Штрих-код Статус экземпляра
Книга 26.10.2013 РНБ (Московский) РНБ (Московский) Русский книжный фонд: издания с 1957 года 87-4/20069 5809295-10